00603nam a2200205Ia 4500008004100000020001800041050001600059050001400075245002900089245002900118260001700147260002500164260000900189300001600198300002000214300001100234500004100245650005500286650005600341160418s9999 xx 000 0 und d a971-08-6126-3 aFIL PL 6054 b.S56 2001 aSining ng komunikasyon / cFe O. Aquino… [et al]  aMandaluyong: bNational Book Store. c2001 a350 pages : billustrations ; c22 cm. aIncludes bibliographical references. aFilipino language -- Study and teaching (Higher).  xCommunication -- Study and teaching -- Philippines.